Kaalaniya Thamizhagathil Sattmum Neethimuraimaiyum: Vazhakku Visaaranaigal, Theerppugal Mattrum Thandanaigal, 1544-1845 (Record no. 177044)

MARC details
000 -LEADER
fixed length control field 00456nam a22001697a 4500
005 - DATE AND TIME OF LATEST TRANSACTION
control field 20260618094310.0
020 ## - INTERNATIONAL STANDARD BOOK NUMBER
ISBN 9788198712271
041 ## - LANGUAGE CODE
Language code of text/sound track or separate title English
082 ## - DEWEY DECIMAL CLASSIFICATION NUMBER
Classification number T16 R25 STE
100 ## - MAIN ENTRY--AUTHOR NAME
Personal name Stephen Jeyaseela
245 ## - TITLE STATEMENT
Title Kaalaniya Thamizhagathil Sattmum Neethimuraimaiyum: Vazhakku Visaaranaigal, Theerppugal Mattrum Thandanaigal, 1544-1845
250 ## - EDITION STATEMENT
Edition statement 01
260 ## - PUBLICATION, DISTRIBUTION, ETC. (IMPRINT)
Place of publication Chennai
Name of publisher NCBH
Year of publication 2025
300 ## - PHYSICAL DESCRIPTION
Number of Pages 216
365 ## - TRADE PRICE
Price amount 185.00
942 ## - ADDED ENTRY ELEMENTS (KOHA)
Koha item type Books
Holdings
Withdrawn status Lost status Home library Current library Date acquired Cost, normal purchase price Full call number Accession Number Cost, replacement price Department Koha item type
    PSG-CAS LIBRARY PSG-CAS LIBRARY 23/03/2026 185.00 T16 R25 STE 153174 185.00 Tamil Books
    PSG-CAS LIBRARY PSG-CAS LIBRARY 23/03/2026 185.00 T16 R25 STE 154445 185.00 Tamil Books

Contact Us:

PSGCAS LIBRARY
Phone: 04224303300
Website: http://www.psgcas.ac.in/ | Email: psgcaslib@gmail.com


You are Visitor Number

web counter